[Event "ECU-ch Schools U15 Clas1"]
[Site "Chess.com INT"]
[Date "2020.11.05"]
[Round "7"]
[White "Yanez Veloso, Santiago Nicolas"]
[Black "Chilan Villa, Andres Jesus"]
[Result "1-0"]
[WhiteElo "1410"]
[BlackElo "1493"]
[PlyCount "109"]
[EventDate "2020.11.05"]
[EventType "swiss"]
[EventRounds "9"]
[EventCountry "ECU"]
[SourceTitle "EXT 2022"]
[Source "ChessBase"]
[SourceDate "2021.10.06"]
[SourceVersion "1"]
[SourceVersionDate "2021.10.06"]
[SourceQuality "1"]

1. e4 c6 2. d4 d5 3. exd5 cxd5 4. c4 Nf6 5. Nc3 Nc6 6. Nf3 Bg4 7. Be2 e6 8. cxd5 Nxd5 9. 0-0 Be7 10. h3 Bf5 11. Qb3 Nb6 12. Be3 0-0 13. Rfd1 Nb4 14. a3 Bc2 15. Qxb4 Bxb4 16. Rdc1 Bxc3 17. Rxc2 Bxb2 18. Rxb2 Rc8 19. a4 Qe7 20. Bd2 Nd5 21. Rab1 b6 22. Ba6 Rc7 23. Rb3 Qf6 24. Bg5 Qg6 25. h4 h6 26. Bd3 f5 27. Ne5 Qe8 28. Bd2 Qc8 29. Kh2 Rd8 30. a5 bxa5 31. Bxa5 Rdd7 32. Bxc7 Rxc7 33. Rb8 Kh7 34. Rxc8 Rxc8 35. Rb7 Rc3 36. Rxa7 Nf4 37. Bf1 Rc2 38. Nd3 Nxd3 39. Bxd3 Rd2 40. Bc4 Rxd4 41. Bxe6 Kg6 42. Bf7+ Kf6 43. Bh5 Rd6 44. Rf7+ Ke5 45. Rxg7 Rc6 46. Re7+ Kf6 47. Rf7+ Ke5 48. g3 Rc2 49. Kg2 Ke4 50. Bf3+ Ke5 51. Rh7 Rb2 52. Rxh6 f4 53. Rh5+ Kf6 54. gxf4 Rb5 55. Rxb5 1-0